00673cam a22001697a 4500008004000000020001500040082001300055100002600068245012600094260003500220300001000255440004300265650001700308650007500325999001900400952008400419180718b1995 xxu||||| |||| 00| 0 eng d a0198258747 aC41 C855 aCraven, Matthew C. R. aInternational covenant on economic, social and cultural rights: a perspective on its developmentcby Matthew C. R. Craven aOxfordbClarrendon Pressc1995 a413p. aOxford monographs in international law aHuman rights aInternational Covenant on Economic, Social, and Cultural Rights (1966) c378406d378406 00104070aIIPAbIIPAd1995-12-12oC41 C855p70069r2018-07-21w2018-07-21yBK